<?xml version="1.0" encoding="UTF-8"?>
<record
    xmlns:xsi="http://www.w3.org/2001/XMLSchema-instance"
    xsi:schemaLocation="http://www.loc.gov/MARC21/slim http://www.loc.gov/standards/marcxml/schema/MARC21slim.xsd"
    xmlns="http://www.loc.gov/MARC21/slim">

  <leader>02269nam a22002297a 4500</leader>
  <controlfield tag="003">OSt</controlfield>
  <controlfield tag="005">20240626122008.0</controlfield>
  <controlfield tag="008">230905s2013    sp ||||| |||| 00| 0 spa d</controlfield>
  <datafield tag="020" ind1=" " ind2=" ">
    <subfield code="a">9789876291477</subfield>
  </datafield>
  <datafield tag="040" ind1=" " ind2=" ">
    <subfield code="b">spa</subfield>
    <subfield code="c">besoc</subfield>
  </datafield>
  <datafield tag="100" ind1="1" ind2=" ">
    <subfield code="a">Rebeur, Ana von, </subfield>
    <subfield code="d">1958-</subfield>
    <subfield code="e">autor</subfield>
  </datafield>
  <datafield tag="245" ind1="1" ind2="3">
    <subfield code="a">La ciencia del color :</subfield>
    <subfield code="b">historia y pasiones en torno a los pigmentos /</subfield>
    <subfield code="c">Ana von Rebeur</subfield>
  </datafield>
  <datafield tag="250" ind1=" " ind2=" ">
    <subfield code="a">1a ed.</subfield>
  </datafield>
  <datafield tag="260" ind1=" " ind2=" ">
    <subfield code="a">Barcelona :</subfield>
    <subfield code="b">Siglo Veintiuno, </subfield>
    <subfield code="c">2013</subfield>
  </datafield>
  <datafield tag="300" ind1=" " ind2=" ">
    <subfield code="a">126 p.</subfield>
  </datafield>
  <datafield tag="490" ind1=" " ind2=" ">
    <subfield code="a">Colecci&#xF3;n ciencia que ladra / dirigida por Diego Golombek</subfield>
  </datafield>
  <datafield tag="505" ind1=" " ind2=" ">
    <subfield code="a">Este libro (y esta colecci&#xF3;n) / Diego Golombek -- 1. Zambullidos en el arco&#xED;ris -- 2. &#xBF;C&#xF3;mo vemos los colores? -- 3. Arco&#xED;ris, langostinos, sol verde y otros temas coloridos -- 4. &#xBF;Para qu&#xE9; sirven los colores? -- 5. La desesperada b&#xFA;squeda de los colores -- 6. Blanco lumuniso -- 7. Marr&#xF3;n tentador -- 8. Rojo pasi&#xF3;n -- 9. Dulce rosa -- 10. Naranja crocante -- 11. Atenci&#xF3;n: amarillo -- 12. Verde sexy -- 13. Azul profundo -- 14. Violeta ex&#xF3;tico -- 15. Negro luto -- 16. Gracias a los colores.- </subfield>
  </datafield>
  <datafield tag="520" ind1=" " ind2=" ">
    <subfield code="a">El que quiera celeste, que lea este libro. Y tambi&#xE9;n el que busque luminosos blancos, rojos pasionales, prohibidos amarillos y azules profundos. Es que estas p&#xE1;ginas est&#xE1;n impregnadas de historias sobre los colores, que van desde la b&#xFA;squeda obsesiva de los pintores cavern&#xED;colas y de los alquimistas del renacimiento para lograr la tintura perfecta hasta los &#xFA;ltimos desarrollos tecnol&#xF3;gicos en pos de un futuro con distintos matices, pasando por la base experimental de los tonos de moda, que no deben faltar en el vestuario del cient&#xED;fico moderno. Pero eso no es todo: la ciencia del color est&#xE1; llena de sorpresas, que incluyen no s&#xF3;lo las guerras por los pigmentos m&#xE1;s puros y los envenenamientos por contacto con pinturas intoxicantes, sino tambi&#xE9;n c&#xF3;mo nuestros ojos -y nuestros cerebros- interpretan un universo de luces multicolores, con qu&#xE9; insectos est&#xE1; te&#xF1;ida la mermelada que consumimos en el desayuno y de qu&#xE9; color ven el mundo nuestras mascotas. La luz, la visi&#xF3;n, los mil distintos tonos de verde&#x2026; una verdadera ciencia de los colores.. [Nota del editor]  </subfield>
  </datafield>
  <datafield tag="650" ind1=" " ind2=" ">
    <subfield code="a">Colores</subfield>
    <subfield code="x">Pigmentos</subfield>
    <subfield code="x">Luz</subfield>
  </datafield>
  <datafield tag="700" ind1="1" ind2=" ">
    <subfield code="a">Golombek, Diego</subfield>
    <subfield code="d">1964-</subfield>
  </datafield>
  <datafield tag="942" ind1=" " ind2=" ">
    <subfield code="2">udc</subfield>
    <subfield code="c">LPD</subfield>
    <subfield code="n">0</subfield>
  </datafield>
  <datafield tag="999" ind1=" " ind2=" ">
    <subfield code="c">64</subfield>
    <subfield code="d">64</subfield>
  </datafield>
  <datafield tag="952" ind1=" " ind2=" ">
    <subfield code="0">0</subfield>
    <subfield code="1">0</subfield>
    <subfield code="2">udc</subfield>
    <subfield code="4">0</subfield>
    <subfield code="7">0</subfield>
    <subfield code="8">CG</subfield>
    <subfield code="a">ESOCIALES</subfield>
    <subfield code="b">ESOCIALES</subfield>
    <subfield code="d">2023-09-06</subfield>
    <subfield code="l">0</subfield>
    <subfield code="o">7.017.4 R291</subfield>
    <subfield code="p">000809</subfield>
    <subfield code="r">2023-09-06 00:00:00</subfield>
    <subfield code="w">2023-09-06</subfield>
    <subfield code="y">LPD</subfield>
  </datafield>
</record>
